| 000 | 00460nam a2200145Ia 4500 | ||
|---|---|---|---|
| 008 | 231129s2018||||xx |||||||||||||| ||spa|| | ||
| 020 | _a978-958-9016-52-7 | ||
| 040 | _bspa | ||
| 082 | _a332.024 K62r | ||
| 100 | _aKiyosaki Robert T. | ||
| 245 | 0 | _aRetírate joven y rico : cómo volverse rico pronto y para siempre | |
| 260 | _c2018 | ||
| 264 | _aBogotá Colombia : Penguin Random Houes; Debolsillo | ||
| 942 |
_2ddc _cBKS |
||
| 999 |
_c24045 _d24045 |
||